Normal view
MARC view
Entry Uniform Title
001 - CONTROL NUMBER
- control field: 21905
003 - CONTROL NUMBER IDENTIFIER
- control field: dpl
005 - DATE AND TIME OF LATEST TRANSACTION
- control field: 20100927113306.0
008 - FIXED-LENGTH DATA ELEMENTS
- fixed length control field: 100927|||a|||||| | ||| d
040 ## - CATALOGING SOURCE
- Original cataloging agency: dpl
- Transcribing agency: dpl
130 ## - HEADING--UNIFORM TITLE
- Uniform title: ज्ञानपीठ पुरस्कार से सम्मानित साहित्यकार
670 ## - SOURCE DATA FOUND
- Source citation: Work cat.: (dpl)34134: वंद्योपाध्याय, ताराशंकर 21904, पंचरूद्र /, 2009
670 ## - SOURCE DATA FOUND
- Source citation: Work cat.: (dpl)34134: वंद्योपाध्याय, ताराशंकर 21904, पंचरूद्र /, 2009
